| 000 | 00578nam a2200217Ia 4500 | ||
|---|---|---|---|
| 005 | 20240418152823.0 | ||
| 008 | 131103s9999 xx 000 0 und d | ||
| 020 | _a0 471 30831 5 | ||
| 040 | _aLoreto College | ||
| 041 | _aEnglish | ||
| 082 |
_a370.15 _bGLO |
||
| 245 |
_aGuiding Learning _b _cEdied by Maruin D.Glock |
||
| 250 | _aReadings In Educational Learning psychology | ||
| 260 |
_aLondon _bJohn Wiley&Sons _c1971 |
||
| 300 | _axvii,764p | ||
| 504 | _aIncludes index | ||
| 650 | _aPsychology | ||
| 700 | _aGlock, Marvin D | ||
| 850 | _aLCBED | ||
| 942 | _cBK | ||
| 999 |
_c26795 _d77274 |
||